| 000 | 00557nam a2200181 i 4500 | ||
|---|---|---|---|
| 001 | 98179 | ||
| 003 | ES-MaACL | ||
| 005 | 20240421063022.0 | ||
| 007 | t| | ||
| 008 | 050726s1976 sp ||||1| spa d | ||
| 100 | 1 |
_aMarrodán, Mario Ángel, _d1932-2005 _977080 |
|
| 245 | 1 | 0 |
_aManual de la barbarie _b: (escritos pro-paz) / _cMario Angel Marrodán. |
| 250 | _a[1ª ed.]. | ||
| 260 |
_aBilbao : _bComunicación Literaria de Autores, _c1976. |
||
| 300 |
_a173 p. ; _c19 cm. |
||
| 852 |
_aES-MaACL _jA-6390 _bR.95641 |
||
| 999 |
_c98179 _d98179 |
||